Purchasing and Supply Chain Management (Record no. 9578)

MARC details
000 -LEADER
fixed length control field 00635nam a22002297a 4500
003 - CONTROL NUMBER IDENTIFIER
control field OSt
005 - DATE AND TIME OF LATEST TRANSACTION
control field 20251022121734.0
008 - FIXED-LENGTH DATA ELEMENTS--GENERAL INFORMATION
fixed length control field 251022b |||||||| |||| 00| 0 eng d
020 ## - INTERNATIONAL STANDARD BOOK NUMBER
International Standard Book Number 9781285869681
020 ## - INTERNATIONAL STANDARD BOOK NUMBER
International Standard Book Number 9780357442142
040 ## - CATALOGING SOURCE
Transcribing agency DDC
082 ## - DEWEY DECIMAL CLASSIFICATION NUMBER
Classification number 658.72 PUR 2021
100 ## - MAIN ENTRY--PERSONAL NAME
Personal name Monczka, Robert M. ; [et...al]
9 (RLIN) 19482
245 ## - TITLE STATEMENT
Title Purchasing and Supply Chain Management
250 ## - EDITION STATEMENT
Edition statement Inter ed.
260 ## - PUBLICATION, DISTRIBUTION, ETC. (IMPRINT)
Place of publication, distribution, etc. Australia; Cengage, 2021
300 ## - PHYSICAL DESCRIPTION
Extent xxx,858p. ;Ill: 25cm
504 ## - BIBLIOGRAPHY, ETC. NOTE
Bibliography, etc Appendices, & index included
650 ## - SUBJECT ADDED ENTRY--TOPICAL TERM
Topical term or geographic name as entry element Purchasing management
9 (RLIN) 19483
650 ## - SUBJECT ADDED ENTRY--TOPICAL TERM
Topical term or geographic name as entry element Supply Chain
9 (RLIN) 3282
942 ## - ADDED ENTRY ELEMENTS (KOHA)
Source of classification or shelving scheme Dewey Decimal Classification
Koha item type Open Shelf
Holdings
Withdrawn status Lost status Source of classification or shelving scheme Damaged status Not for loan Home library Current library Date acquired Source of acquisition Inventory number Total Checkouts Full call number Barcode Date last seen Koha item type
    Dewey Decimal Classification     MUST Main Library MUST Main Library 22/10/2025 Purchase 25/42470   658.72 PUR 2021 2025-0156 22/10/2025 Open Shelf
    Dewey Decimal Classification     MUST Main Library MUST Main Library 19/11/2025 Purchase 25/42471   658.72 PUR 2021 2025-0191 19/11/2025 Open Shelf